Historia y geografía: 8º año básico
Guardat en:
| Autors principals: | , , |
|---|---|
| Altres autors: | |
| Format: | Llibre |
| Idioma: | espanyol |
| Publicat: |
Santiago
Universitaria
1994
|
| Edició: | 8a. ed |
| Matèries: | |
| Etiquetes: |
Afegir etiqueta
Sense etiquetes, Sigues el primer a etiquetar aquest registre!
|
MARC
| LEADER | 00000nam a2200000 a 4500 | ||
|---|---|---|---|
| 001 | UCZ0478 | ||
| 003 | CL-VaPUC | ||
| 008 | 950728e19940000CL |||||||||||||||||spa|d | ||
| 082 | 0 | 4 | |a 372.89 |b KRE |2 21 |
| 100 | |a Krebs Wilckens, Ricardo |e autor |9 588021 | ||
| 700 | 0 | |a Villalobos Rivera, Sergio |e author |9 343359 | |
| 700 | 0 | |a Baltierra Martínez, Patricia |e author |9 343360 | |
| 700 | |a Michelson-Boschaner Videla, Judith |e autora |9 544446 | ||
| 245 | 1 | 0 | |a Historia y geografía: 8º año básico |
| 250 | |a 8a. ed | ||
| 300 | |a 174 p | ||
| 942 | |c BK | ||
| 945 | |d 19950728 00:00:00 |a mfernand | ||
| 260 | |a Santiago |b Universitaria |c 1994 | ||
| 650 | 0 | |a Historia |9 255047 | |
| 650 | 0 | |a Geografía |9 259346 | |
| 650 | 0 | |a Enseñanza de la historia |9 307330 | |
| 650 | 0 | |a Enseñanza de la geografía |9 310005 | |
| 650 | 0 | |a Libros de texto |9 270019 | |
| 583 | |a last modification |c 20190725 04:50:22 |k Rodrigo Vera | ||
| 999 | |c 237404 |d 237402 | ||
| 952 | |0 0 |1 0 |4 0 |6 372_890000000000000_KRE_1994 |7 0 |8 P |9 246434 |a BIBEDU |b BIBEDU |c BIBEDU_PB |d 2019-11-18 |i 1549510 |o 372.89 KRE 1994 |p 1549510 |r 2024-01-25 |w 2019-11-18 |y BK |k EDU | ||